| 000 | 01232nac a22003011u 4500 | ||
|---|---|---|---|
| 010 | _a 2005023378 | ||
| 020 | _a9780470015131 (cloth : alk. paper) | ||
| 020 | _a0470015136 (cloth : alk. paper) | ||
| 020 | _a9780470015148 (pbk. : alk. paper) | ||
| 020 | _a0470015144 (pbk. : alk. paper) | ||
| 082 | 0 | 0 |
_a671.2 _bFRE |
| 090 |
_c1962 _d1962 |
||
| 100 | _aFredriksson, Hasse. | ||
| 245 | 1 | 0 |
_aMaterials processing at casting / _cHasse Fredriksson, Ulla Akerlind. |
| 260 |
_aHoboken, NJ : _bWiley,2006. _cc2006. |
||
| 300 |
_a434 p.: _bill. ; _c28 cm. |
||
| 500 | _aDistributer: Al-Ahram | ||
| 504 | _aIncludes bibliographical references and index. | ||
| 511 | _aCatalogued by: Sara | ||
| 650 | 0 |
_aFounding _vTextbooks. |
|
| 650 | 0 |
_aMetal castings _vTextbooks. |
|
| 700 | 1 | _aAkerlind, Ulla. | |
| 856 | 4 | 1 |
_3Table of contents _uhttp://www.loc.gov/catdir/toc/ecip0517/2005023378.html |
| 856 | 4 | 1 |
_3Publisher description _uhttp://www.loc.gov/catdir/enhancements/fy0660/2005023378-d.html |
| 942 |
_cBB _k671.2FRE |
||
| 999 |
_c1962 _d1962 |
||